| 000 | 01337nam a2200337 a 4500 | ||
|---|---|---|---|
| 001 | 000006859 | ||
| 003 | DO-SdBNP | ||
| 005 | 20161018085256.0 | ||
| 007 | 000006859 | ||
| 008 | 090903s2008 dr ac 001 0bspa d | ||
| 020 | _z9993476420 | ||
| 040 |
_aBPMSU _bspa _cBPMSU |
||
| 082 |
_a923.57293 _bF363I, 2008 |
||
| 245 | 0 | 0 |
_aIdeario del coronel Fernández Domínguez 1934-1965 / _ccompilador Héctor Lachapelle Díaz ; prólogo Mariano Lebrón Saviñón. |
| 250 | _a4a ed. | ||
| 260 |
_aSanto Domingo : _bBúho, _c2008. |
||
| 300 |
_a194 p. : _bil., retrs. ; _c23 cm. |
||
| 490 | 1 |
_aPublicaciones de la Comisión Permanente de Efemérides Patrias 2004-2008 _v30 |
|
| 500 | _aIncluye índice onomástico | ||
| 504 | _aIncluye referencias bibliográficas y notas al pie de las páginas | ||
| 600 | 1 | 4 |
_aFERNÁNDEZ DOMÍNGUEZ, RAFAEL TOMÁS, _d1934-1965 |
| 650 | 4 | _aPENSAMIENTO POLÍTICO Y SOCIAL | |
| 651 | 4 |
_aREPÚBLICA DOMINICANA _xHISTORIA _yERA DE TRUJILLO 1930-1961 |
|
| 651 | 4 |
_aREPÚBLICA DOMINICANA _xHISTORIA _yREVOLUCIÓN, 1965 |
|
| 700 | 1 | 2 |
_aLachapelle Díaz, Héctor, _ecompilador |
| 700 | 1 | 2 |
_aLebrón Saviñón, Mariano, _eprólogo |
| 830 | 0 |
_aPublicaciones de la Comisión Permanente de Efemérides Patrias 2004-2008 _v30 |
|
| 910 | _a | ||
| 942 |
_2ddc _cBK |
||
| 956 |
_aVMATEO _b10 _c20150825 _lBPMSU _h00151 |
||
| 999 |
_c8219 _d8219 |
||